Laberinto de hierba /

Gardado en:
Detalles Bibliográficos
Autor Principal: Ky.ka, Izumi (autor)
Outros autores: Díaz Sancho, Iván (prólogo y traducción) (prólogo y traducción)
Formato: Libro
Idioma:Lingua castelá
Publicado: Gijón, España : Satori, 2016, c2016
Series:(Maestros de la Literatura Japonesa ; 21)
Temas:
Etiquetas: Engadir etiqueta
Sen Etiquetas, Sexa o primeiro en etiquetar este rexistro!

MARC

LEADER 00000nam^a2200000^a^4500
001 000380555
005 20250521000000.0
009 20260310120609.863
020 |a 978-84-944685-2-0 
037 |a Acervo ITESO - Biblioteca 
041 |a ESP 
082 |a 895. 6  |b SAT MAE V. 21 
100 |a Ky.ka, Izumi  |e (autor) 
245 1 0 |a Laberinto de hierba /  |c I. Kyōka ; pról. y tr. por I. Díaz Sancho. 
264 4 |a Gijón, España :  |b Satori,  |c 2016, c2016 
300 |a 217 p. +  |e 1 separador 
336 |a texto  |b txt  |2 rdacontenido 
337 |a sin mediación  |b n  |2 rdamedio 
338 |a volumen  |b nc  |2 rdasoporte 
440 1 |a (Maestros de la Literatura Japonesa ;  |v 21) 
500 |a Traducción de: Kusa Meikyu 
585 |a Exposición DIA 2022-10 / Sendero de crisantemos: una mirada a la cultura japonesa 
649 |a XX 
650 |a Novela Japonesa 
650 |a Literatura Japonesa -  |y Siglo XVIII 
700 |a Díaz Sancho, Iván  |e (prólogo y traducción) 
910 |a Fondo General 
920 |a Impresos - Libros 
930 |a Colección General 
940 |a Literatura 
905 |a 101 
901 |a 0500275491  |b IT1  |c LIT  |i C151884  |u 20250521 
901 |a 0500275492  |b IT2  |c FOL  |u 20250521 
902 |a https://opac.biblio.iteso.mx/vufind/Record/000380555